000 00554nam a2200157 i 4500
001 21812
003 ES-MaACL
007 t|
008 021127s1982 sp ||||1| spa d
100 0 _aAlmarcha Barbado, Amparo
_920097
245 1 0 _aAutoridad y privilegio en la Universidad española
_b: estudio sociológico del profesorado universitario /
_cAmparo Almarcha Barbado.
260 _aMadrid :
_bCentro de Investigaciones Sociológicas,
_c1982.
300 _a376 p. ;
_c20 cm.
852 _aES-MaACL
_jL-3518
_bR.104271
999 _c21812
_d21812